| 000 | 00479nam a2200145Ia 4500 | ||
|---|---|---|---|
| 008 | 170221s9999 xx 000 0 und d | ||
| 100 | _aAbbasi, Nishat | ||
| 245 | _aCompetency approach to accounting education: a global view | ||
| 245 | _cNishat Abbasi, Metropolitan State University of Denver. | ||
| 260 | _bJournal of Management and Marketing Research | ||
| 260 | _c2012 | ||
| 300 | _a32 : 10 | ||
| 650 | _xBusiness | ||
| 856 | _uhttp://www.aabri.com/manuscripts/131566.pdf | ||
| 999 |
_c311292 _d311292 |
||